000 004610000a22001930004500
999 _c48545
_d48545
001 1379
003 CO-MdFUSB
005 20171006160030.0
008 170818b xxu||||| |||| 00| 0 eng d
020 _a978-84-666-3381-9
040 _cCO-MdBIC
082 0 4 _a790 H191wv
100 1 _aHandford, Martin
245 1 0 _aEl viaje fantástico / Martin Handford
250 _a1a ed.
260 _aBarcelona : Ediciones B, S.A.
300 _a28 P.
942 _cLGB